000 00487cam a22002054a 4500
005 20250605164321.0
008 250528s ||||||||||||||||||||||||d
035 _a22914
020 _a9780240515113
040 _aGR-AtMCL
_bgre
_dGR-AtMCL
_eAACR2
245 1 _aPRACTICAL NEWSPAPER REPORTING
250 _a3
260 _bFocal Press,
_c1993
300 _a251
700 1 _aHarris David
_93140
700 1 _aSpark David
_98539
942 _cBK
999 _c7957
_d7957